000
00303nam a2200097Ia 4500
082
_a
968.4045|GILL
245
0
_a
Discovering the battlefields of the Anglo-Zulu War
100
_a
Gillings, Ken Pinetown, South Africa, 2014
_9
46631
942
_c
BK
008
210817s9999 xx 000 0 und d
999
_c
153173
_d
153172